00712nam a22002657a 45000010005000000030009000050050017000140070005000310080028000360200015000640400022000790920015001011000020001162450035001362600036001713000025002074900010002325210030002428300010002729100008002829420012002909520109003029560020004119990015004310152DO-SdBNP20151123153525.00152151005b19uu sp 00| 0 spa d a8430507205 aBPMSUbspacBPMSU aXXXXbXXXX aTolstoi, León14aLos cosacos /cLeón Tolstoi  aBarcelona :bSusaeta, c[199-]. a138 p. :bil.c22cm.1 aSaeta1 aA partir de los 12 años 0aSaeta a202 2ddccBK 00102ddc40708EXTaBPMETbBPMETd2015-11-23eDonaciónl0pBPMET15110454r2015-11-23w2015-11-23yBK aYngrid Lockward c8883d8883